00522nam a22001697a 450000500170000001000150001702000260003203500140005803700130007208200110008510000190009624500690011526000470018427000550023130000200028650000460030620180629112844.0 aENG-123349 c899.00a9789386338860 aEN-106881 bDBAD/PUB a398.28 aDoniger, Wendy aThe ring of truth:cby Wendy Donigerbmyths of sex and jewelry / aNew DelhibSpeaking Tiger Publishingc2017 a4381/4, Ansari Road, Daryaganj,bNew Delhie110002 a397p.c24cm(Hb) aIt includes notes, bibliography and index